A discourse by three drunkards on government /

Xehetasun bibliografikoak
Egile nagusia: Nakae, Chōmin, 1847-1901
Beste egile batzuk: Tsukui, Nobuko, Hammond, Jeffrey
Formatua: Liburua
Hizkuntza:English
Japanese
Argitaratua: New York : Weatherhill, 1984.
Gaiak:
Classic Catalogue: View this record in Classic Catalogue
LEADER 01864nam a2200397 a 4500
001 45727
003 BD-DhAAL
005 20260510183513.0
008 260510t1984 nyuc b 000 0 eng
010 |a  84003666  
020 |a 0834801922 (pbk.) :  |c $12.50 
020 |a 9780834801929 
035 |a 3313205 
040 |a DLC  |c DLC  |d DLC  |d BD-DhAAL 
041 1 |a eng  |a jpn 
050 0 0 |a JA69.J3  |b N319513 1984 
082 0 0 |a 320  |2 19 
100 1 |a Nakae, Chōmin,  |d 1847-1901.  |9 60597 
240 1 0 |a San suijin keirin mondō.  |l English 
245 1 2 |a A discourse by three drunkards on government /  |c Nakae Chōmin ; translated by Nobuko Tsukui ; edited, with an introduction, by Nobuko Tsukui & Jeffrey Hammond. 
260 |a New York :  |b Weatherhill,  |c 1984. 
300 |a 137 pages :  |b port. ;  |c 21 cm 
500 |a Translation of: San suijin keirin mondō. 
500 |a Spine title: Three drunkards on government. 
504 |a Includes bibliographies. 
526 8 |a AAL 
541 1 |a Donated by Embassy of Japan in Bangladesh, Read Japan Project 2025, The Tokyo Foundation, supported by The Nippon Foundation.  |e 45727 
650 0 |a Political science. 
700 1 |a Tsukui, Nobuko.  |9 60598 
700 1 |a Hammond, Jeffrey.  |9 60599 
740 0 |a Discourse by 3 drunkards on government. 
740 0 |a Three drunkards on government. 
852 1 |a Ayesha Abed Library  |c General Stacks 
942 |2 ddc  |c BK 
999 |c 47912  |d 47912 
952 |0 0  |1 0  |2 ddc  |4 0  |6 320_000000000000000_NAK  |7 0  |9 79169  |a BRACUL  |b BRACUL  |d 2026-05-10  |e Donated by Embassy of Japan in Bangladesh, Read Japan Project 2025, The Tokyo Foundation, supported by The Nippon Foundation.  |l 0  |o 320 NAK  |p 3010045727  |r 2026-05-10  |t 1  |w 2026-05-10  |y BK  |x Donated copy received from Embassy of Japan in Bangladesh, Read Japan Project 2025, The Tokyo Foundation, supported by The Nippon Foundation on 08 April 2026; $19.95